Fall of Jake Paul Part 2 - Statistics

General Stats
  • This quiz has been taken 3 times
  • The average score is 159 of 182
Answer Stats
Answer % Correct
10
100%
10%
100%
a
100%
Alissa
100%
an
100%
and
100%
another
100%
Are
100%
are
100%
baby
100%
be
100%
better
100%
bout
100%
boy
100%
bro,
100%
career
100%
cars
100%
cause
100%
chick
100%
contract
100%
couldn't
100%
dies
100%
do
100%
does
100%
Dolans?
100%
ends
100%
friends?
100%
fucked
100%
Go
100%
guess
100%
Gun
100%
had
100%
have
100%
I
100%
in
100%
it
100%
Jake)
100%
just
100%
kept
100%
kisser
100%
knew
100%
know
100%
leg
100%
loaded
100%
mad
100%
make
100%
man,
100%
man
100%
model
100%
my
100%
Now
100%
of
100%
oh
100%
on
100%
replace
100%
she
100%
shit
100%
shoulda
100%
sign
100%
sister
100%
smarter
100%
so
100%
So
100%
some
100%
Spanish
100%
take
100%
tattooed
100%
team
100%
Team
100%
than
100%
that
100%
that's
100%
(That's
100%
the
100%
them
100%
(They're
100%
thought
100%
to
100%
tryna
100%
twins?
100%
Uh
100%
up
100%
used
100%
video
100%
Violet
100%
was
100%
We
100%
were
100%
When
100%
who's
100%
with
100%
yo
100%
you
100%
you)
100%
your
100%
You're
100%
about
67%
act
67%
ain't
67%
also
67%
babysitters
67%
called
67%
death
67%
fact)
67%
fans
67%
floated
67%
Is
67%
movies
67%
song
67%
their
67%
this
67%
Those
67%
Visser
67%
watch
67%
(weak)
67%
weren't
67%
will
67%
yours
67%
24/7
33%
at
33%
average
33%
beast
33%
child
33%
everyday
33%
fight
33%
give
33%
going
33%
I'm
33%
It's
33%
night
33%
only
33%
picked
33%
savage
33%
wild
33%
wrong
33%
(hahaha)
0%
Longang
0%
Neels
0%
No matching quizzes found
Score Distribution
Percent of People with Each Score
Percentile by Number Answered
Your Score History
You have not taken this quiz